[Event "HUN-chT2 Breyer 0910"]
[Site "Hungary"]
[Date "2010.01.31"]
[Round "5"]
[White "Jergler, Jozsef"]
[Black "Kiss, Kinga"]
[Result "0-1"]
[WhiteElo "1975"]
[BlackElo "2129"]
[PlyCount "54"]
[EventDate "2009.11.08"]
[EventType "team-tourn"]
[EventRounds "11"]
[EventCountry "HUN"]
[SourceTitle "EXT 2011"]
[Source "ChessBase"]
[SourceDate "2010.11.26"]
[SourceVersion "1"]
[SourceVersionDate "2010.11.26"]
[SourceQuality "1"]
[WhiteTeam "Honved II"]
[BlackTeam "Geniusz Tata"]
[WhiteTeamCountry "HUN"]
[BlackTeamCountry "HUN"]

1. c4 Nf6 2. Nc3 b6 3. d4 e6 4. e4 Bb4 5. Bd3 Bb7 6. f3 Bxc3+ 7. bxc3 d6 8. Ne2 Nbd7 9. 0-0 c5 10. Ba3 Rc8 11. Qd2 0-0 12. Ng3 b5 13. cxb5 Qb6 14. Qb2 cxd4 15. cxd4 Ne5 16. Be2 Nc4 17. Bxc4 Rxc4 18. Rfd1 Rfc8 19. Rd2 Nd7 20. Kf1 a6 21. bxa6 Qxa6 22. Ne2 Ra4 23. Bb4 Nb6 24. Qb3 Nc4 25. Rd3 d5 26. e5 Bc6 27. Nc3 Nd2+ 0-1

[Event "HUN-chT2 Erkel 0809"]
[Site "Hungary"]
[Date "2009.02.08"]
[Round "7.10"]
[White "Vass, Istvan"]
[Black "Jergler, Jozsef"]
[Result "1/2-1/2"]
[WhiteElo "2100"]
[BlackElo "1975"]
[PlyCount "83"]
[EventDate "2008.10.26"]
[EventType "team-tourn"]
[EventRounds "11"]
[EventCountry "HUN"]
[SourceTitle "EXT 2010"]
[Source "ChessBase"]
[SourceDate "2010.11.25"]
[SourceVersion "1"]
[SourceVersionDate "2010.11.25"]
[SourceQuality "1"]
[WhiteTeam "MAFC"]
[BlackTeam "HASE II"]
[WhiteTeamCountry "HUN"]
[BlackTeamCountry "HUN"]

1. e4 e5 2. Nf3 Nf6 3. Nc3 Nc6 4. Bc4 Bc5 5. d3 h6 6. a3 d6 7. Na4 Bg4 8. Nxc5 dxc5 9. Be3 Nd4 10. Bxd4 Bxf3 11. Qxf3 Qxd4 12. c3 Qd6 13. 0-0 0-0 14. Rad1 c6 15. Rfe1 b5 16. Bb3 a5 17. Qf5 Rad8 18. d4 cxd4 19. cxd4 Rde8 20. d5 c5 21. g4 c4 22. Bc2 b4 23. Re3 g6 24. Qf3 Kg7 25. Ba4 Rc8 26. Bc6 Rfd8 27. Rc1 Rxc6 28. dxc6 Qxc6 29. Qe2 Rd4 30. f3 Nh7 31. axb4 axb4 32. Qf2 g5 33. Re2 Nf8 34. Rec2 Ne6 35. Qf1 Qb6 36. Kh1 Nf4 37. Rxc4 Rd2 38. R4c2 Qd4 39. Rxd2 Qxd2 40. Rb1 Nd3 41. b3 Nf4 42. Kg1 1/2-1/2